| 000 | 00331nam a22001337a 4500 | ||
|---|---|---|---|
| 003 | SGT | ||
| 020 | _a9789390142828 | ||
| 082 | _a370,TAL | ||
| 100 | _aTALWAR POONAM | ||
| 245 | _aINTRODUCTION TO EDUCATION OF STUDENTS WITH DISABILITIES | ||
| 260 |
_aNEW DELHI _bRENOVA INTERNATIONAL PUB. _c2024 |
||
| 300 | _a211 | ||
| 942 |
_2ddc _cBK |
||
| 999 |
_c30676 _d30676 |
||